[Event "CYCC U14"]
[Site "Calgary CAN"]
[Date "2023.07.20"]
[Round "4.74"]
[White "Wu, Nolan"]
[Black "Luan, Jacky"]
[Result "1/2-1/2"]
[WhiteElo "1983"]
[BlackElo "1447"]
[PlyCount "91"]
[EventDate "2023.07.19"]
[EventType "swiss"]
[EventRounds "7"]
[EventCountry "CAN"]

1. e4 e5 2. Nf3 Nc6 3. Bc4 Bc5 4. c3 Nf6 5. d4 exd4 6. e5 d5 7. Bb5 Ne4 8. cxd4
Bb4+ 9. Bd2 Bxd2+ 10. Nbxd2 Bd7 11. O-O O-O 12. Qe2 Nxd2 13. Qxd2 a6 14. Ba4
Nxe5 15. Nxe5 Bxa4 16. Qb4 Bc6 17. Rac1 a5 18. Qb3 Qd6 19. Nxc6 bxc6 20. Qa4
Ra6 21. Rc5 Rb8 22. Rxa5 Rxa5 23. Qxa5 Rxb2 24. Qa8+ Qf8 25. Qxc6 Rxa2 26. Qxd5
Ra8 27. Re1 Rd8 28. Qc6 Rxd4 29. Qxc7 Qd8 30. Qe5 Rd1 31. g3 Rxe1+ 32. Qxe1 g6
33. Qe5 f5 34. h4 Kf7 35. Kh2 Qe7 36. Qf4 h5 37. Qd2 Qe6 38. Kg2 Qe4+ 39. f3
Qe6 40. Qb2 Qf6 41. Qd2 Qe6 42. Kh2 Qe7 43. Qf2 Qf6 44. Kg2 Kg7 45. Qa2 Qf7 46.
Qd2 1/2-1/2

[Event "CYCC U14"]
[Site "Calgary CAN"]
[Date "2023.07.20"]
[Round "4.75"]
[White "Hong, Zihan"]
[Black "Zhang, Brian"]
[Result "0-1"]
[WhiteElo "1438"]
[BlackElo "1926"]
[PlyCount "76"]
[EventDate "2023.07.19"]
[EventType "swiss"]
[EventRounds "7"]
[EventCountry "CAN"]

1. d4 d5 2. c4 c6 3. cxd5 cxd5 4. Nc3 Nf6 5. Bf4 Nc6 6. e3 Bf5 7. Nf3 e6 8. Bb5
Nd7 9. O-O Be7 10. Rc1 Rc8 11. Ne2 O-O 12. Qa4 Qb6 13. a3 a6 14. Bxc6 Rxc6 15.
Rxc6 bxc6 16. b4 Bd3 17. Re1 Bb5 18. Qc2 a5 19. Rb1 Qa6 20. Nc1 axb4 21. axb4
Ra8 22. Ng5 g6 23. h4 Nb6 24. h5 Nc4 25. hxg6 hxg6 26. Qd1 Qa4 27. Qe1 Qc2 28.
Nb3 Na3 29. Rc1 Qxb3 30. f3 f6 31. Nxe6 Qxb4 32. Qh4 Kf7 33. Nc7 Rg8 34. Qh7+
Rg7 35. Qh8 Bf8 36. Rc5 Qe1+ 37. Kh2 g5 38. Bd6 Bxd6+ 0-1

[Event "CYCC U14"]
[Site "Calgary CAN"]
[Date "2023.07.20"]
[Round "4.76"]
[White "Darvekar, Yash"]
[Black "Makogon, Nikita"]
[Result "1-0"]
[WhiteElo "1886"]
[BlackElo "1340"]
[PlyCount "147"]
[EventDate "2023.07.19"]
[EventType "swiss"]
[EventRounds "7"]
[EventCountry "CAN"]

1. e4 e5 2. Nf3 Nc6 3. Bb5 a6 4. Bxc6 dxc6 5. O-O Bd6 6. d4 Bg4 7. dxe5 Bxf3 8.
Qxf3 Bxe5 9. Nd2 Qf6 10. c3 Qxf3 11. Nxf3 Bd6 12. Be3 f6 13. Rfe1 O-O-O 14.
Rad1 Ne7 15. Nd4 Ng6 16. f3 Bc5 17. Nf5 Bxe3+ 18. Nxe3 Rxd1 19. Rxd1 Ne5 20.
Kf2 Rd8 21. Rxd8+ Kxd8 22. Ke2 g6 23. f4 Nf7 24. Kf3 Ke7 25. Ke2 Kd6 26. Kd3 g5
27. g3 b5 28. Nf5+ Ke6 29. Kd4 Nd6 30. Ne3 Nb7 31. b4 h5 32. Nf5 Kf7 33. e5 Nd8
34. exf6 Kxf6 35. Ke4 g4 36. Nd4 c5 37. bxc5 c6 38. a3 a5 39. Nb3 Nb7 40. Kd4
Kf5 41. Nd2 Nd8 42. Ne4 Ne6+ 43. Kd3 h4 44. gxh4 Nxf4+ 45. Kd4 Ne6+ 46. Ke3 Nf4
47. Nd6+ Ke5 48. Nf7+ Kf5 49. Nh6+ Ke5 50. Nxg4+ Kf5 51. Nh6+ Ke5 52. Nf7+ Kf5
53. Nd6+ Ke5 54. c4 b4 55. axb4 a4 56. Kd2 a3 57. Kc3 Nd3 58. Kb3 Nxb4 59. Kxa3
Nd3 60. Nb7 Kd4 61. Ka4 Kxc4 62. Ka5 Kd5 63. Kb6 Ne5 64. h5 Nf7 65. Na5 Ne5 66.
Nxc6 Nxc6 67. h6 Ne7 68. h7 Ng6 69. c6 Kd6 70. Kb7 Ne7 71. h8=Q Nd5 72. Qd8+
Kc5 73. Qxd5+ Kxd5 74. c7 1-0

[Event "CYCC U14"]
[Site "Calgary CAN"]
[Date "2023.07.20"]
[Round "4.77"]
[White "Bouchard, Nicholas"]
[Black "Sundara Rajan, Inbhavenkat"]
[Result "0-1"]
[WhiteElo "1443"]
[BlackElo "1758"]
[PlyCount "108"]
[EventDate "2023.07.19"]
[EventType "swiss"]
[EventRounds "7"]
[EventCountry "CAN"]

1. e4 e5 2. Nc3 Nc6 3. Bc4 Nf6 4. d3 Bb4 5. Nge2 d5 6. exd5 Nxd5 7. O-O Be6 8.
a3 Nxc3 9. bxc3 Bxc4 10. cxb4 Be6 11. f4 exf4 12. Bb2 O-O 13. Nxf4 Qg5 14. Nxe6
Qe3+ 15. Rf2 Qxe6 16. Qf3 f6 17. Qg3 Rf7 18. Rf4 Qd6 19. Raf1 Raf8 20. b5 Ne5
21. a4 Re8 22. Re1 Ref8 23. Bc3 Ng6 24. Rg4 Qc5+ 25. Qe3 Qxc3 26. Rc4 Qe5 27.
Re4 Qd6 28. Qxa7 b6 29. a5 bxa5 30. Qxa5 Qc5+ 31. Kh1 Qxc2 32. Rc4 Qxd3 33.
Rxc7 Rxc7 34. Qxc7 Qxb5 35. h3 Ne5 36. Re3 Qc6 37. Qa5 Ra8 38. Qe1 Rc8 39. Qf2
Qb6 40. Qa2+ Kh8 41. Rc3 Rd8 42. Rb3 Qc5 43. Qb2 Rd1+ 44. Kh2 h6 45. Qe2 Qg1+
46. Kg3 Qe1+ 47. Qxe1 Rxe1 48. Kh4 Kh7 49. g4 Rg1 50. Kh5 f5 51. gxf5 Rg5+ 52.
Kh4 Rxf5 53. Rb5 Rg5 54. Rb3 Ng6# 0-1

[Event "CYCC U14"]
[Site "Calgary CAN"]
[Date "2023.07.20"]
[Round "4.78"]
[White "Ming, Jerry"]
[Black "Huang, Eric"]
[Result "1/2-1/2"]
[WhiteElo "1756"]
[BlackElo "1366"]
[PlyCount "41"]
[EventDate "2023.07.19"]
[EventType "swiss"]
[EventRounds "7"]
[EventCountry "CAN"]

1. b3 Nf6 2. Bb2 e6 3. e3 d5 4. Nf3 Bd6 5. d4 O-O 6. Nbd2 c5 7. Bd3 cxd4 8.
exd4 Nc6 9. a3 Qc7 10. O-O Re8 11. c4 b6 12. Rc1 dxc4 13. Nxc4 Bb7 14. b4 Qd8
15. Nce5 Ne7 16. Ng5 Rf8 17. Qc2 Ng6 18. Nxh7 Nxh7 19. Nxf7 Bxh2+ 20. Kxh2 Qh4+
21. Kg1 1/2-1/2

[Event "CYCC U14"]
[Site "Calgary CAN"]
[Date "2023.07.20"]
[Round "4.79"]
[White "Liu, Shuheng"]
[Black "Zou, Alex"]
[Result "0-1"]
[WhiteElo "1438"]
[BlackElo "1742"]
[PlyCount "84"]
[EventDate "2023.07.19"]
[EventType "swiss"]
[EventRounds "7"]
[EventCountry "CAN"]

1. e4 c5 2. Nf3 d6 3. Bb5+ Bd7 4. Bxd7+ Qxd7 5. O-O g6 6. c3 Bg7 7. d4 cxd4 8.
cxd4 Nc6 9. Be3 Nf6 10. Nc3 O-O 11. h3 Rfc8 12. Qd2 Na5 13. b3 Nc6 14. Rac1 b5
15. e5 b4 16. exf6 bxc3 17. Rxc3 Bxf6 18. Bg5 Bg7 19. Rfc1 Nd8 20. Qc2 Rxc3 21.
Qxc3 Ne6 22. Be3 Qb5 23. Qc6 Rb8 24. d5 Nf8 25. Bxa7 Rb7 26. Be3 Nd7 27. Nd4
Bxd4 28. Bxd4 f6 29. Rc4 Ne5 30. Bxe5 fxe5 31. b4 Rb6 32. Qc7 Qxd5 33. Qxb6
Qxc4 34. a4 d5 35. Qc5 Qa2 36. b5 d4 37. b6 d3 38. Qc8+ Kg7 39. b7 d2 40. b8=Q
d1=Q+ 41. Kh2 Qxf2 42. Qxe5+ Kh6 0-1

[Event "CYCC U14"]
[Site "Calgary CAN"]
[Date "2023.07.20"]
[Round "4.80"]
[White "Tseng, Bradley"]
[Black "Li, Lucas"]
[Result "1-0"]
[WhiteElo "1734"]
[BlackElo "1248"]
[PlyCount "41"]
[EventDate "2023.07.19"]
[EventType "swiss"]
[EventRounds "7"]
[EventCountry "CAN"]

1. e4 e6 2. d4 d5 3. Nc3 Bb4 4. Nge2 dxe4 5. a3 Bxc3+ 6. Nxc3 Nf6 7. Bg5 Nbd7
8. Nxe4 c6 9. Nd6+ Ke7 10. Nc4 Qc7 11. Qf3 Re8 12. Bf4 e5 13. dxe5 Kf8 14.
O-O-O Nd5 15. Rxd5 cxd5 16. e6 Qxf4+ 17. Qxf4 Rxe6 18. Nd6 Nf6 19. Bd3 g6 20.
Nb5 Bd7 21. Nc7 1-0

[Event "CYCC U14"]
[Site "Calgary CAN"]
[Date "2023.07.20"]
[Round "4.81"]
[White "Chen, Ricky"]
[Black "Russell, Wesley"]
[Result "1-0"]
[WhiteElo "1370"]
[BlackElo "1723"]
[PlyCount "69"]
[EventDate "2023.07.19"]
[EventType "swiss"]
[EventRounds "7"]
[EventCountry "CAN"]

1. d4 d5 2. Nf3 Nf6 3. Bf4 e6 4. e3 c5 5. c4 Nc6 6. Nc3 Bd6 7. Bxd6 Qxd6 8. Nb5
Qe7 9. dxc5 O-O 10. cxd5 exd5 11. Rc1 Rd8 12. Nfd4 Ne4 13. Bd3 Nxc5 14. Nxc6
bxc6 15. Nd4 Nxd3+ 16. Qxd3 c5 17. Nc6 Qd6 18. Nxd8 Qxd8 19. Rxc5 Qb6 20. Rxd5
Bb7 21. Rd6 Qa5+ 22. Qd2 Qg5 23. h4 Qe7 24. Rd7 Qe8 25. Rxb7 Rd8 26. Qb4 Rc8
27. O-O a5 28. Qe7 Qxe7 29. Rxe7 Kf8 30. Ra7 Rc2 31. Rd1 Ke8 32. Rxa5 Rxb2 33.
Ra8+ Ke7 34. a4 Ra2 35. a5 1-0

[Event "CYCC U14"]
[Site "Calgary CAN"]
[Date "2023.07.20"]
[Round "4.82"]
[White "Shen, Caden"]
[Black "Xu, Joey"]
[Result "0-1"]
[WhiteElo "1338"]
[BlackElo "1687"]
[PlyCount "148"]
[EventDate "2023.07.19"]
[EventType "swiss"]
[EventRounds "7"]
[EventCountry "CAN"]

1. d4 Nf6 2. c4 g6 3. Nc3 Bg7 4. Nf3 O-O 5. Bf4 d6 6. e3 Nbd7 7. Bd3 Nh5 8. Bg5
h6 9. Bh4 c6 10. O-O Qe8 11. Qd2 f5 12. Bg3 e5 13. Qc2 Nxg3 14. hxg3 e4 15.
Nxe4 fxe4 16. Bxe4 Rf6 17. Rfe1 Nf8 18. Bd3 Bg4 19. Nd2 d5 20. Qb3 Qf7 21. f3
Be6 22. Rad1 dxc4 23. Bxc4 Bxc4 24. Qxc4 Qxc4 25. Nxc4 b5 26. Ne5 Re6 27. Nd3
Rae8 28. Kf2 Nd7 29. Nf4 Rd6 30. b4 Nb6 31. Rd3 Nc4 32. Ne2 Red8 33. Ra1 a5 34.
a3 Ra8 35. Rb1 axb4 36. axb4 Rd7 37. Nc3 Ra3 38. Ke2 Rda7 39. f4 Ra1 40. Rxa1
Rxa1 41. g4 Ra3 42. Ne4 Rxd3 43. Kxd3 Kf7 44. Nc5 Bf8 45. Na6 Bd6 46. Nc5 Bxc5
47. bxc5 Ke6 48. e4 Nb2+ 49. Kc2 Nc4 50. f5+ gxf5 51. gxf5+ Kf6 52. Kd3 h5 53.
g3 Nb2+ 54. Kc3 Nc4 55. Kd3 Nb2+ 56. Ke3 Nc4+ 57. Kf4 b4 58. e5+ Kf7 59. Ke4 b3
60. Kd3 b2 61. Kc2 Ne3+ 62. Kxb2 Nxf5 63. Kc3 Nxg3 64. Kd3 Ke6 65. Ke3 Nf5+ 66.
Ke4 h4 67. Kf3 Nxd4+ 68. Kg4 Nf5 69. Kf4 h3 70. Kf3 Kxe5 71. Kf2 Kd5 72. Kg1
Kxc5 73. Kh2 Kd4 74. Kxh3 Kd3 0-1

[Event "CYCC U14"]
[Site "Calgary CAN"]
[Date "2023.07.20"]
[Round "4.83"]
[White "Spiian, Rostyslav"]
[Black "Koo, Minjun"]
[Result "1/2-1/2"]
[WhiteElo "1282"]
[BlackElo "1661"]
[PlyCount "73"]
[EventDate "2023.07.19"]
[EventType "swiss"]
[EventRounds "7"]
[EventCountry "CAN"]

1. e4 c5 2. Nf3 d6 3. c3 Nf6 4. h3 Nc6 5. Bd3 e5 6. Bc2 Be7 7. d4 cxd4 8. cxd4
exd4 9. Nxd4 Qb6 10. Nxc6 bxc6 11. O-O h6 12. Re1 O-O 13. Nc3 Be6 14. b3 Rad8
15. Bb2 Qc7 16. Nb1 Rfe8 17. Qf3 d5 18. e5 Nd7 19. Qg3 Bb4 20. Re2 Nf8 21. a3
Bc5 22. Kh1 Qd7 23. Nc3 Bb6 24. Rd1 Qc8 25. Na4 c5 26. Nxb6 axb6 27. a4 d4 28.
f4 Bf5 29. Bd3 Ng6 30. Qf3 Bxd3 31. Rxd3 Qf5 32. Re4 Nh4 33. Qe2 Qg6 34. Rd2 f5
35. Qc4+ Qe6 36. Qxe6+ Rxe6 37. Ree2 1/2-1/2

[Event "CYCC U14"]
[Site "Calgary CAN"]
[Date "2023.07.20"]
[Round "4.86"]
[White "Alpuri, Aaqil"]
[Black "Arora, Ishaan"]
[Result "1-0"]
[WhiteElo "1704"]
[BlackElo "1283"]
[PlyCount "121"]
[EventDate "2023.07.19"]
[EventType "swiss"]
[EventRounds "7"]
[EventCountry "CAN"]

1. d4 Nf6 2. c4 e6 3. Nf3 d5 4. g3 c5 5. dxc5 Bxc5 6. Bg2 O-O 7. O-O Nc6 8. Bd2
Qb6 9. Qc1 Ne4 10. e3 Nxd2 11. Nbxd2 Rd8 12. Nb3 Be7 13. Rd1 Na5 14. Nxa5 Qxa5
15. cxd5 exd5 16. Qc2 Be6 17. Nd4 Rac8 18. Qe2 Bf6 19. a3 a6 20. Rac1 Bxd4 21.
exd4 Qb6 22. Qd2 h6 23. Re1 Rc6 24. Rxc6 Qxc6 25. Rc1 Qb6 26. Rc5 Rd6 27. b4
Rc6 28. Bxd5 Rxc5 29. Bxe6 Rc6 30. Bg4 Rd6 31. d5 Qd8 32. Bf3 g5 33. Qd4 b5 34.
Kg2 Kf8 35. h3 f6 36. Qe4 Qe7 37. Qf5 Qd7 38. Qe4 Qe7 39. Qc2 Kg7 40. Be4 Rd7
41. Qd3 Qd6 42. Bf3 Rc7 43. Bh5 f5 44. Qxf5 Qf6 45. Qd3 Rc3 46. Qd2 Rc4 47. Bf3
Qe5 48. Qd1 Kf6 49. Qb1 Qf5 50. Qb3 Qe5 51. Qd3 Qf5 52. Qe3 Qc8 53. Qb6+ Ke5
54. Qxh6 Rc3 55. Qxg5+ Qf5 56. Qe7+ Kd4 57. Qe2 Rxa3 58. d6 Qd3 59. d7 Kc4 60.
Qxd3+ Rxd3 61. Be2 1-0

[Event "CYCC U14"]
[Site "Calgary CAN"]
[Date "2023.07.20"]
[Round "4.87"]
[White "Tran, Tri"]
[Black "Leveille, Zachary"]
[Result "1-0"]
[WhiteElo "1675"]
[BlackElo "1061"]
[PlyCount "89"]
[EventDate "2023.07.19"]
[EventType "swiss"]
[EventRounds "7"]
[EventCountry "CAN"]

1. d4 d5 2. c4 e6 3. Nf3 Bb4+ 4. Bd2 Bxd2+ 5. Qxd2 Nf6 6. Nc3 Nc6 7. g3 O-O 8.
Bg2 Re8 9. Ne5 Ne7 10. O-O Ng6 11. Rfd1 c6 12. e4 Qd6 13. Nxg6 fxg6 14. e5 Qe7
15. exf6 gxf6 16. cxd5 cxd5 17. Re1 Qd6 18. Nxd5 Kg7 19. Qf4 Qxf4 20. Nxf4 Bd7
21. Rac1 e5 22. dxe5 fxe5 23. Rc7 exf4 24. Rxd7+ Kf6 25. Rxe8 Rxe8 26. gxf4
Re1+ 27. Bf1 Ra1 28. a3 Rb1 29. Rxb7 Kf5 30. b4 Kxf4 31. Rxa7 Rb3 32. b5 Kf3
33. a4 Rb4 34. Rf7+ Kg4 35. a5 Kh4 36. Rxh7+ Kg4 37. Rh3 Rb1 38. Rg3+ Kf4 39.
b6 g5 40. Ra3 g4 41. a6 g3 42. hxg3+ Kg4 43. a7 Rxf1+ 44. Kxf1 Kh3 45. Ra4 1-0

[Event "CYCC U14"]
[Site "Calgary CAN"]
[Date "2023.07.20"]
[Round "4.88"]
[White "Li, Anthony"]
[Black "Aithal, Arya"]
[Result "1-0"]
[WhiteElo "1490"]
[BlackElo "1242"]
[PlyCount "71"]
[EventDate "2023.07.19"]
[EventType "swiss"]
[EventRounds "7"]
[EventCountry "CAN"]

1. e4 c6 2. d4 d5 3. e5 Bf5 4. Nf3 e6 5. Be3 Ne7 6. Nbd2 Bg4 7. h3 Bxf3 8. Nxf3
Nf5 9. Bg5 Be7 10. Bxe7 Qxe7 11. c3 Qc7 12. Bd3 Ne7 13. O-O Nd7 14. a4 c5 15.
Rc1 Rc8 16. b4 cxd4 17. cxd4 Qd8 18. Qb3 O-O 19. Rxc8 Qxc8 20. Qb2 Qb8 21. Rc1
Rc8 22. a5 b6 23. a6 Rxc1+ 24. Qxc1 b5 25. Qf1 Qb6 26. Bxb5 Nb8 27. Qd3 Nec6
28. Bxc6 Nxc6 29. b5 Na5 30. Qc3 Nc4 31. Qb4 Qc7 32. Qc5 Qxc5 33. dxc5 Kf8 34.
b6 axb6 35. a7 bxc5 36. a8=Q+ 1-0

[Event "CYCC U14"]
[Site "Calgary CAN"]
[Date "2023.07.20"]
[Round "4.89"]
[White "Fang, Pengsen"]
[Black "Pollitt, Henry"]
[Result "1/2-1/2"]
[WhiteElo "930"]
[BlackElo "1467"]
[PlyCount "59"]
[EventDate "2023.07.19"]
[EventType "swiss"]
[EventRounds "7"]
[EventCountry "CAN"]

1. e4 e6 2. b3 d5 3. Bb2 dxe4 4. Nc3 Nf6 5. Qe2 Nbd7 6. O-O-O b6 7. Nxe4 Bb7 8.
Nc3 a5 9. f3 Bd6 10. Qf2 Qe7 11. Nb5 Ba6 12. Nxd6+ Qxd6 13. Ne2 Bxe2 14. Bxe2
a4 15. Bc4 axb3 16. Bxb3 Nc5 17. Kb1 Nxb3 18. axb3 c5 19. Qe2 O-O 20. g4 Nd7
21. d4 Qc7 22. Qd3 cxd4 23. Qxd4 Nf6 24. g5 Nh5 25. Qh4 Rfc8 26. Rd2 Nf4 27.
Re1 Nd5 28. Qd4 Nc3+ 29. Kc1 Na2+ 30. Kd1 1/2-1/2

[Event "CYCC U14"]
[Site "Calgary CAN"]
[Date "2023.07.20"]
[Round "4.91"]
[White "Ou Yang, Andrew"]
[Black "Ahlawat, Jaiho"]
[Result "1-0"]
[WhiteElo "1077"]
[BlackElo "1215"]
[PlyCount "99"]
[EventDate "2023.07.19"]
[EventType "swiss"]
[EventRounds "7"]
[EventCountry "CAN"]

1. g3 e5 2. Bg2 d5 3. d3 Nf6 4. Bg5 Be7 5. Nc3 Be6 6. e4 c6 7. exd5 Nxd5 8.
Bxe7 Qxe7 9. Nf3 Nd7 10. O-O O-O 11. Re1 f6 12. d4 Qd6 13. Ne4 Qb4 14. Rb1 h6
15. c3 Qe7 16. c4 Nc7 17. b3 f5 18. Nc3 e4 19. Nh4 Qf7 20. Bh1 g5 21. Ng2 Nb6
22. f3 f4 23. gxf4 gxf4 24. Nxe4 Qg7 25. Qd2 Rad8 26. Rbd1 Rf5 27. Kf2 Rh5 28.
Qxf4 Rf8 29. Qg3 Rh3 30. Qxg7+ Kxg7 31. Re3 Bg4 32. Rdd3 Bh5 33. f4 Rxe3 34.
Rxe3 Ne6 35. Rg3+ Kh7 36. Ke3 Ng7 37. Nh4 Nd7 38. Bf3 Bxf3 39. Kxf3 Ne6 40. Ke3
Rxf4 41. d5 cxd5 42. cxd5 Rxe4+ 43. Kxe4 Ng5+ 44. Kf5 Kg7 45. Nf3 Kf7 46. Nxg5+
hxg5 47. Rxg5 Ke7 48. Rg7+ Kd6 49. Rxd7+ Kxd7 50. h4 1-0

[Event "CYCC U14"]
[Site "Calgary CAN"]
[Date "2023.07.20"]
[Round "4.92"]
[White "Jackson, Mateo"]
[Black "Chen, Lucas"]
[Result "1-0"]
[WhiteElo "1914"]
[BlackElo "804"]
[PlyCount "101"]
[EventDate "2023.07.19"]
[EventType "swiss"]
[EventRounds "7"]
[EventCountry "CAN"]

1. e4 e6 2. d4 b6 3. Nc3 Bb7 4. Nf3 Bb4 5. Bd3 Nf6 6. Qe2 d5 7. e5 Ne4 8. Bd2
Nxd2 9. Qxd2 c5 10. a3 Ba5 11. O-O O-O 12. Qf4 h6 13. Nd1 c4 14. Be2 b5 15. Ne3
Bd2 16. Nxd2 a6 17. Nf3 Nd7 18. Qh4 f6 19. exf6 Nxf6 20. Nd2 Qd7 21. Ng4 Nxg4
22. Bxg4 Qf7 23. Qh3 Rae8 24. Nf3 Qg6 25. Bh5 Qxc2 26. Bxe8 Rxe8 27. Rab1 Qe4
28. Rbe1 Qg6 29. Re5 Bc8 30. Qh5 Qxh5 31. Rxh5 Kf7 32. Ne5+ Kg8 33. Re1 a5 34.
Nc6 a4 35. Ne5 Re7 36. Ng6 Re8 37. Rxd5 exd5 38. Rxe8+ Kf7 39. Rxc8 Kxg6 40.
Rc5 b4 41. axb4 c3 42. Rxc3 a3 43. bxa3 Kf5 44. f3 g5 45. b5 Ke6 46. b6 Kd7 47.
b7 g4 48. b8=Q gxf3 49. Qb6 fxg2 50. Rc7+ Kd8 51. Qb8# 1-0

[Event "CYCC U14"]
[Site "Calgary CAN"]
[Date "2023.07.20"]
[Round "4.93"]
[White "Cimmeck, Jerry Cole"]
[Black "Zhuang, Charlie"]
[Result "1-0"]
[WhiteElo "1279"]
[BlackElo "740"]
[PlyCount "139"]
[EventDate "2023.07.19"]
[EventType "swiss"]
[EventRounds "7"]
[EventCountry "CAN"]

1. e4 e5 2. Nc3 Nf6 3. f4 d6 4. fxe5 dxe5 5. Nf3 Nc6 6. Bb5 Bd6 7. O-O O-O 8.
Bxc6 bxc6 9. d3 Bg4 10. Bg5 Re8 11. h3 Bh5 12. g4 Bg6 13. Nh4 Be7 14. Nxg6 fxg6
15. Bxf6 Bxf6 16. Ne2 Rb8 17. b3 Bg5 18. d4 exd4 19. Nxd4 Be3+ 20. Kg2 Bxd4 21.
Rc1 Rxe4 22. Qf3 Qe7 23. Rcd1 Re2+ 24. Kh1 Bf6 25. Qxc6 Qe4+ 26. Qxe4 Rxe4 27.
Rd7 Re7 28. Rfd1 Rbe8 29. Rxe7 Rxe7 30. c4 Re2 31. Rd7 Re7 32. Rd3 Re2 33. Rd7
Be5 34. a4 Bd6 35. b4 Re3 36. Kg2 Re4 37. c5 Re7 38. Rd8+ Kf7 39. Ra8 Be5 40.
Rxa7 Bc3 41. Rb7 Ke6 42. a5 Kd7 43. a6 Re8 44. a7 Re2+ 45. Kf3 Ra2 46. b5 Bd4
47. b6 Be5 48. Rb8 Ra3+ 49. Ke2 Ra2+ 50. Kd3 Ra3+ 51. Ke4 cxb6 52. cxb6 Bxb8
53. axb8=Q Rxh3 54. Qc7+ Ke6 55. b7 Kf6 56. Qd6+ Kg5 57. Qf4+ Kh4 58. b8=Q g5
59. Qfc7 g6 60. Qxh7+ Kxg4 61. Qxg6 Rf3 62. Qc8+ Kg3 63. Qxg5+ Kf2 64. Qc2+ Kf1
65. Kxf3 Ke1 66. Qa5+ Kf1 67. Qaa2 Kg1 68. Ke3 Kh1 69. Kd3 Kg1 70. Qg2# 1-0

[Event "CYCC U14"]
[Site "Calgary CAN"]
[Date "2023.07.20"]
[Round "4.94"]
[White "Huang, Nico"]
[Black "Hsu, Ryder"]
[Result "1-0"]
[WhiteElo "1233"]
[BlackElo "713"]
[PlyCount "71"]
[EventDate "2023.07.19"]
[EventType "swiss"]
[EventRounds "7"]
[EventCountry "CAN"]

1. e4 c6 2. d4 d5 3. e5 c5 4. Nf3 Bg4 5. Bb5+ Nc6 6. Bxc6+ bxc6 7. c3 e6 8. h3
Bxf3 9. Qxf3 Ne7 10. Bg5 h6 11. Bh4 Qb6 12. Qe2 cxd4 13. O-O dxc3 14. Nxc3 Nf5
15. Qg4 Bc5 16. Na4 Qb4 17. Nxc5 Qxc5 18. Rac1 Qb6 19. Rc2 Nd4 20. Qxg7 Rf8 21.
Qf6 Qb7 22. Rd2 Nf5 23. Rc1 Nxh4 24. Qxh4 Rg8 25. Qxh6 d4 26. Rxd4 c5 27. Rg4
Rxg4 28. hxg4 Qxb2 29. Rxc5 Rd8 30. Qg5 Qb1+ 31. Kh2 Qh7+ 32. Kg3 Rd3+ 33. f3
Rd8 34. Rc7 f6 35. Rxh7 fxg5 36. Rh8+ 1-0

[Event "CYCC U14"]
[Site "Calgary CAN"]
[Date "2023.07.20"]
[Round "4.95"]
[White "Zhu, Glyn"]
[Black "Yen, Rafael"]
[Result "1-0"]
[WhiteElo "1213"]
[BlackElo "701"]
[PlyCount "92"]
[EventDate "2023.07.19"]
[EventType "swiss"]
[EventRounds "7"]
[EventCountry "CAN"]

1. d4 d5 2. c4 e6 3. Nc3 Nc6 4. Bf4 Nf6 5. e3 b6 6. Nf3 Bb7 7. Qb3 Qd7 8. Nb5
Bd6 9. Nxd6+ cxd6 10. Rc1 dxc4 11. Bxc4 d5 12. Bb5 a6 13. Ne5 Nxe5 14. Bxd7+
Nexd7 15. Rc7 Ra7 16. Qc2 O-O 17. O-O a5 18. Bd6 Re8 19. Rc1 h6 20. Be5 Nxe5
21. dxe5 Ne4 22. a3 Rea8 23. f3 Ng5 24. Qa4 Ba6 25. Qd7 Rxc7 26. Rxc7 Rf8 27.
h4 Nh7 28. Rc6 Bb5 29. Qd6 Bxc6 30. Qxc6 g5 31. hxg5 Nxg5 32. Qxb6 Kg7 33. Qxa5
Rb8 34. b4 h5 35. b5 h4 36. b6 h3 37. f4 Nf3+ 38. gxf3 Rh8 39. Kh2 Kg6 40. b7
Kf5 41. Qa8 Rxa8 42. bxa8=Q f6 43. Qf8 Kg6 44. Qxf6+ Kh7 45. Kxh3 Kg8 46. Qe7
Kh8 1-0

[Event "CYCC U14"]
[Site "Calgary CAN"]
[Date "2023.07.20"]
[Round "4.97"]
[White "Zhu, Leon"]
[Black "Tian, Justin"]
[Result "0-1"]
[WhiteElo "653"]
[BlackElo "1132"]
[PlyCount "78"]
[EventDate "2023.07.19"]
[EventType "swiss"]
[EventRounds "7"]
[EventCountry "CAN"]

1. e4 e6 2. d4 d5 3. Nd2 c5 4. Ngf3 Nc6 5. Bb5 Bd7 6. c3 Qb6 7. Ba4 Rd8 8. O-O
cxd4 9. cxd4 Nxd4 10. Bxd7+ Rxd7 11. Ne5 Rc7 12. Nb3 Nc2 13. Rb1 Bd6 14. Bf4
Nf6 15. Rc1 Nb4 16. a3 Nc6 17. exd5 Nxd5 18. Nc4 Bxf4 19. Nxb6 axb6 20. Rc2 Rd7
21. g3 Ne3 22. Qf3 Nxc2 23. Qxf4 e5 24. Qa4 O-O 25. Qc4 N2d4 26. Rd1 Nf3+ 27.
Kg2 Rxd1 28. Qe2 Rd3 29. Nc1 Ncd4 30. Qe4 Rd1 31. Ne2 Re1 32. h4 Rxe2 33. Qg4
Rxb2 34. h5 h6 35. Qh3 Ng5 36. Qh2 Ra2 37. Kf1 Ra1+ 38. Kg2 Rxa3 39. f4 Ra2+
0-1

[Event "CYCC U14"]
[Site "Calgary CAN"]
[Date "2023.07.20"]
[Round "4.98"]
[White "Huang, Jonas"]
[Black "Singh, Harshpreet"]
[Result "1/2-1/2"]
[WhiteElo "1080"]
[BlackElo "649"]
[PlyCount "119"]
[EventDate "2023.07.19"]
[EventType "swiss"]
[EventRounds "7"]
[EventCountry "CAN"]

1. e4 e6 2. d4 d5 3. e5 c5 4. c3 Nc6 5. Nf3 Nge7 6. Bg5 h6 7. Bxe7 Bxe7 8. Be2
O-O 9. O-O Qb6 10. b3 Bd7 11. dxc5 Bxc5 12. b4 Be7 13. Nbd2 a5 14. a3 Na7 15.
Nd4 Nb5 16. Nxb5 Bxb5 17. c4 dxc4 18. Nxc4 Bxc4 19. Bxc4 axb4 20. a4 Rfc8 21.
Bb3 Rc5 22. Qd4 Rd8 23. Qe3 Qc6 24. Rac1 Rc8 25. Rcd1 Rc3 26. Rd3 Rxd3 27. Qxd3
Rd8 28. Qg3 Qa6 29. Qg4 Bc5 30. Bc2 Rd4 31. Qf3 Qc4 32. Rc1 g6 33. h3 b6 34. g3
Qd5 35. Qe2 Rd2 36. Qe4 Rxf2 37. Qxd5 exd5 38. Kh1 Re2 39. Bb3 Rxe5 40. a5 d4
41. a6 Re8 42. Rf1 Ra8 43. Rxf7 Kh8 44. a7 b5 45. Rb7 Rxa7 46. Rxb5 Rc7 47. Kg2
Kg7 48. Kf3 Bd6 49. Ke4 Rc3 50. Be6 Kf6 51. Bg4 Rxg3 52. Kxd4 h5 53. Bd7 Rg5
54. Rb6 Ke7 55. Rb7 Kd8 56. Be6 Re5 57. Rd7+ Ke8 58. Rxd6 Rg5 59. Rb6 Ke7 60.
Bc4 1/2-1/2

[Event "CYCC U14"]
[Site "Calgary CAN"]
[Date "2023.07.20"]
[Round "4.104"]
[White "Odrcich, Eric"]
[Black "Saini, Eshan"]
[Result "0-1"]
[WhiteElo "640"]
[BlackElo "1242"]
[PlyCount "122"]
[EventDate "2023.07.19"]
[EventType "swiss"]
[EventRounds "7"]
[EventCountry "CAN"]

1. e4 e5 2. Nf3 Nf6 3. Nc3 Nc6 4. Bc4 Bc5 5. O-O d6 6. d3 O-O 7. h3 Be6 8. Bxe6
fxe6 9. Ng5 Qe7 10. Nb5 a6 11. Nxc7 Rac8 12. Ncxe6 Rfe8 13. Nxc5 dxc5 14. b3 h6
15. Nf3 Nd4 16. c3 Nxf3+ 17. Qxf3 b5 18. Ba3 b4 19. Bb2 a5 20. c4 Red8 21. a3
Rd7 22. Rad1 Rcd8 23. axb4 axb4 24. Qg3 Re8 25. f4 Nh5 26. Qg4 Nxf4 27. g3 Nxd3
28. Qe2 Nxb2 29. Qxb2 Red8 30. Qc2 Rd4 31. Rxd4 exd4 32. Re1 d3 33. Qd2 Qe5 34.
Qf4 Qxf4 35. gxf4 d2 36. Rd1 Rd3 37. Kg2 Rxb3 38. Rxd2 Rc3 39. e5 Rxc4 40. e6
Re4 41. f5 b3 42. Rb2 c4 43. Kf3 Re5 44. Kf4 Re1 45. Kf3 Kf8 46. Kf4 g5+ 47.
Kf3 c3 48. Rxb3 c2 49. Rb8+ Ke7 50. Rb7+ Kf6 51. Rf7+ Ke5 52. Rc7 c1=Q 53. Rxc1
Rxc1 54. Kg4 Rc4+ 55. Kh5 Kxf5 56. e7 Rc8 57. Kxh6 Re8 58. Kg7 Rxe7+ 59. Kh6
Rf7 60. h4 gxh4 61. Kh5 Rh7# 0-1

[Event "CYCC U14"]
[Site "Calgary CAN"]
[Date "2023.07.20"]
[Round "4.107"]
[White "Swertz, Ben"]
[Black "Wang, Enzo"]
[Result "0-1"]
[WhiteElo "1160"]
[BlackElo "998"]
[PlyCount "94"]
[EventDate "2023.07.19"]
[EventType "swiss"]
[EventRounds "7"]
[EventCountry "CAN"]

1. e4 e5 2. Nf3 Nc6 3. Bc4 Bc5 4. Nc3 Nf6 5. d3 d6 6. O-O Bg4 7. h3 Bh5 8. Be3
Bb6 9. Nd5 Nxd5 10. Bxd5 Rb8 11. Bg5 f6 12. Be3 Bf7 13. Bxf7+ Kxf7 14. c3 Rf8
15. Qb3+ Ke8 16. Rfd1 Na5 17. Qc2 Kf7 18. d4 Kg8 19. Rac1 Qd7 20. b3 Rbe8 21.
d5 Bxe3 22. fxe3 f5 23. exf5 Rxf5 24. e4 Rf6 25. c4 b6 26. Rf1 Rg6 27. Rf2 Qxh3
28. Rcf1 Qh5 29. Re1 Rf8 30. Kf1 Qh1+ 31. Ke2 Qh5 32. Ref1 Nb7 33. Ke1 Nc5 34.
b4 Nd7 35. a3 Nf6 36. c5 Ng4 37. Re2 Qh6 38. Qc3 Nh2 39. Nxh2 Qxh2 40. Ref2
Rxf2 41. Rxf2 Qg1+ 42. Rf1 Qxg2 43. cxd6 Qxe4+ 44. Kd1 Qxd5+ 45. Kc1 Rxd6 46.
Kb1 Qd3+ 47. Qxd3 Rxd3 0-1